| 000 | 01009nam a2200265 a 4500 | ||
|---|---|---|---|
| 001 | BRCA_8066 | ||
| 005 | 20190320210122.0 | ||
| 008 | 020414s1893----fr-####f##---#001-0#fre-# | ||
| 041 | _afre | ||
| 044 | _afr | ||
| 050 | 4 |
_aNK550 _b.S65 1893 |
|
| 100 | 1 |
_aSpitzer, Frèderic _d1815-1890 _920044 |
|
| 245 | 1 | 0 |
_aCatalogue des objets d’art et de haute curiosité antiques _bdu moyen-a^ge & de la renaissance, composant l’importante et preìcieuse Collection Spitzer, dont la vente publique aura lieu aÌ Paris _cFrèderic Spitzer. Commissaire-priseur Paul Chevallier. |
| 260 |
_aParís _bE. Menard et Cie. _c1893 |
||
| 300 |
_a2 v. _c40 cm. |
||
| 440 | 0 |
_aCollection Spitzer _920045 |
|
| 500 | _aY83 | ||
| 650 | 1 | 4 |
_aArtes decorativas _vCatálogos _914086 |
| 650 | 1 | 4 |
_aArtes decorativas _vEdad Media _920046 |
| 650 | 1 | 4 |
_aArtes decorativas _vRenacimiento _920047 |
| 650 | 1 | 4 |
_aArtes decorativas _vColeccionistas y colecciones _920048 |
| 700 | 1 |
_aChevallier, Paul _920049 |
|
| 902 | _aGFM | ||
| 942 |
_2lcc _cB |
||
| 999 |
_c7734 _d7734 |
||